Central Library OPAC University of Rajshahi

A short history of the USSR / (Record no. 27039)

MARC details
000 -LEADER
fixed length control field 00895cam a22002651 4500
001 - CONTROL NUMBER
control field 27039
003 - CONTROL NUMBER IDENTIFIER
rucl marc code BD-RjUL
005 - DATE AND TIME OF LATEST TRANSACTION
control field 20211209051114.0
008 - FIXED-LENGTH DATA ELEMENTS--GENERAL INFORMATION
fixed length control field 140324s1965 ru abc 001 0 eng
035 ## - SYSTEM CONTROL NUMBER
System control number (BD-RjUL)27110
040 ## - CATALOGING SOURCE
Original cataloging agency DLC
Transcribing agency DLC
Modifying agency DLC
-- BD-RjUL
Language of cataloging eng
041 1# - LANGUAGE CODE
Language code of text/sound track or separate title engrus
082 00 - DEWEY DECIMAL CLASSIFICATION NUMBER
Classification number 947
Author mark and year INS P-1 1965
110 2# - MAIN ENTRY--CORPORATE NAME
Corporate name or jurisdiction name as entry element Institute of history (Akademii︠a︡ nauk SSSR)
9 (RLIN) 83900
245 12 - TITLE STATEMENT
Title A short history of the USSR /
Statement of responsibility, etc. Translated from the Russian by George H. Hanna
Number of part/section of a work Part I
260 ## - PUBLICATION, DISTRIBUTION, ETC. (IMPRINT)
Place of publication, distribution, etc. Moscow :
Name of publisher, distributor, etc. Progress Publishers,
Date of publication, distribution, etc. 1965.
300 ## - PHYSICAL DESCRIPTION
Pagination 333 p. :
Illustrations ill. ;
Size 22 cm.
500 ## - GENERAL NOTE
General note Translation of Kratkai︠a︡ istorii︠a︡ SSSR.
General note Vol. 2 translated by David Skvirsky and Vic Schneerson.
651 #0 - SUBJECT ADDED ENTRY--GEOGRAPHIC NAME
Geographic name Soviet Union
General subdivision History.
9 (RLIN) 83061
942 ## - ADDED ENTRY ELEMENTS (KOHA)
Source of classification or shelving scheme Dewey Decimal Classification
Koha item type Books
Holdings
Lost status Source of classification or shelving scheme Damaged status Not for loan Collection code Permanent Location Current Location Shelving location Date acquired Source of acquisition Cost, normal purchase price Total Checkouts Full call number Date last seen Copy number Koha item type Date checked out
  Dewey Decimal Classification   Added to bundle Non-fiction Central Library, University of Rajshahi Central Library, University of Rajshahi Reading Room 23/05/1967 raviha agency 7.50   947 INS P-1 1965 24/03/2014 C-1 Books  
  Dewey Decimal Classification     Non-fiction Central Library, University of Rajshahi Central Library, University of Rajshahi   23/05/1967 raviha agency 10.00 1 947 INS Pt-1 1965 22/08/2015 C-2 Books 17/08/2015